000 007620000a22002290004500
090 _aAR
_b00054
245 1 0 _aConserving biological diversity in agricultural-forestry systems: most biological diversity exist in human managed ecosystems
650 1 4 _aEcología
_992250
650 1 4 _aSistemas agroforestales
_98711
650 1 4 _aBiodiversidad
_992204
650 1 4 _aValoración económica
_94196
041 0 _aInglés
700 1 _aStachow, Ulrich
_992890
700 1 _aTakacs, David A.
_992891
700 1 _aBrubaker, Hans W.
_992892
700 1 _aDumas, Amy R.
_992893
700 1 _aMeaney, John J.
_992894
700 1 _aCorzilius, David B.
_992895
100 1 _aPimentel, David
_992896
942 _cARTICULO
773 1 _tBioscience
_316
_h5
_q354-366
_d1992
_g42
999 _c9156
_d9156